<?xml version="1.0" encoding="UTF-8"?><?xml-stylesheet type="text/xsl" href="static/style.xsl"?><OAI-PMH xmlns="http://www.openarchives.org/OAI/2.0/" xmlns:xsi="http://www.w3.org/2001/XMLSchema-instance" xsi:schemaLocation="http://www.openarchives.org/OAI/2.0/ http://www.openarchives.org/OAI/2.0/OAI-PMH.xsd"><responseDate>2026-04-17T00:04:20Z</responseDate><request verb="GetRecord" identifier="oai:www.recercat.cat:10459.1/65947" metadataPrefix="marc">https://recercat.cat/oai/request</request><GetRecord><record><header><identifier>oai:recercat.cat:10459.1/65947</identifier><datestamp>2024-12-05T21:27:23Z</datestamp><setSpec>com_2072_3622</setSpec><setSpec>col_2072_479130</setSpec></header><metadata><record xmlns="http://www.loc.gov/MARC21/slim" xmlns:dcterms="http://purl.org/dc/terms/" xmlns:xsi="http://www.w3.org/2001/XMLSchema-instance" xmlns:doc="http://www.lyncode.com/xoai" xsi:schemaLocation="http://www.loc.gov/MARC21/slim http://www.loc.gov/standards/marcxml/schema/MARC21slim.xsd">
   <leader>00925njm 22002777a 4500</leader>
   <datafield ind2=" " ind1=" " tag="042">
      <subfield code="a">dc</subfield>
   </datafield>
   <datafield ind2=" " ind1=" " tag="720">
      <subfield code="a">Ramos Pla, Anabel</subfield>
      <subfield code="e">author</subfield>
   </datafield>
   <datafield ind2=" " ind1=" " tag="720">
      <subfield code="a">Camats Guardia, Ramon</subfield>
      <subfield code="e">author</subfield>
   </datafield>
   <datafield ind2=" " ind1=" " tag="260">
      <subfield code="c">2019-03-13T09:02:49Z</subfield>
   </datafield>
   <datafield ind2=" " ind1=" " tag="260">
      <subfield code="c">2019-03-13T09:02:49Z</subfield>
   </datafield>
   <datafield ind2=" " ind1=" " tag="260">
      <subfield code="c">2019</subfield>
   </datafield>
   <datafield ind2=" " ind1=" " tag="520">
      <subfield code="a">Actualmente, la pedagogía de la muerte es un tema formativo emergente, sobre todo en el ámbito español. Asimismo, la finitud humana continúa siendo un tabú que cuesta derribar, tanto socialmente como pedagógicamente. En contraposición a dicha circunstancia, apostamos por la necesidad de tratar la pedagogía de la finitud humana desde la conciencia de la muerte en el ámbito de la didáctica formal. La aportación presenta un estudio de caso realizado en dos centros docentes de Lleida (España), donde los profesionales de la educación, la psicología, la pedagogía y/o la psicopedagogía respondieron un cuestionario diseñado ex profeso. Los resultados del cuestionario y de las entrevistas llevadas a cabo reflejan que los enseñantes no se sienten suficientemente formados ni preparados para realizar acciones pedagógicas respecto a situaciones infantiles y juveniles de muerte y de duelo. Se apuesta, finalmente, por la formación docente específica y se proponen una serie de estrategias generales para poder afrontar dicha temática en contextos de educación formal. De este modo, se pretende romper el tabú al cual se enfrenta la muerte en la profesión docente y psicopedagógica.</subfield>
   </datafield>
   <datafield ind2=" " ind1=" " tag="520">
      <subfield code="a">Actualment, la pedagogia de la mort és un tema formatiu emergent, sobretot en l’àmbit espanyol. Així mateix, la finitud humana continua sent un tabú que costa derrocar, tant socialment com pedagògicament. En contraposició a aquesta circumstància, apostem per la necessitat de practicar la pedagogia de la finitud humana des de la consciència de la mort en l’àmbit de la didàctica formal. L’aportació presenta un estudi de cas realitzat en dos centres docents de Lleida, on els professionals de l’educació, la psicologia, la pedagogia i/o la psicopedagogia van respondre un qüestionari dissenyat ex professo. Els resultats del qüestionari i de les entrevistes dutes a terme reflecteixen que els ensenyants no se senten preparats per realitzar accions pedagògiques respecte a situacions infantils i juvenils de mort i de dol. S’aposta, finalment, por la formació docent específica i proposem una sèrie d’estratègies generals per poder afrontar aquesta temàtica en contextos d’educació formal. D’aquesta manera, es pretén trencar el tabú al qual s’enfronta la mort en la professió docent i psicopedagògica. Paraules clau: educació per a la mort; concepte de mort; intel·ligència emocional; dol; suport a l’educació primària</subfield>
   </datafield>
   <datafield ind2=" " ind1=" " tag="520">
      <subfield code="a">The pedagogy of death is an emerging subject in education, especially in Spain. Human finitude is a taboo topic that is difficult to eradicate both socially and pedagogically. In contrast to this view, we focus on the need for training in human finitude based on the consciousness of death in the field of formal education. A case study of two schools in Lleida, Spain, was carried out. Professionals of education, psychology and/or educational psychology were administered a questionnaire designed specifically for the purpose of the study. The results of the questionnaire and interviews show that teachers feel unprepared for educational activities regarding situations of death and grieving children and youth. Finally, we advocate that teachers receive specific training and propose a series of general strategies to face death in the context of formal education in order to break the taboo of death in the teaching profession and educational psychology.</subfield>
   </datafield>
   <datafield ind1="8" ind2=" " tag="024">
      <subfield code="a">http://hdl.handle.net/10459.1/65947</subfield>
   </datafield>
   <datafield tag="653" ind2=" " ind1=" ">
      <subfield code="a">Educación para la muerte</subfield>
   </datafield>
   <datafield tag="653" ind2=" " ind1=" ">
      <subfield code="a">Concepto de muerte</subfield>
   </datafield>
   <datafield tag="653" ind2=" " ind1=" ">
      <subfield code="a">Inteligencia emocional</subfield>
   </datafield>
   <datafield tag="653" ind2=" " ind1=" ">
      <subfield code="a">Duelo</subfield>
   </datafield>
   <datafield ind2="0" ind1="0" tag="245">
      <subfield code="a">Consideraciones generales respecto a la necesidad de practicar una pedagogía sobre la finitud humana en la educación formal. Estudio de caso</subfield>
   </datafield>
   <datafield ind2="0" ind1="0" tag="245">
      <subfield code="a">Consideracions generals respecte a la necessitat de practicar una pedagogia sobre la finitud humana en l’educació formal. Estudi de cas</subfield>
   </datafield>
   <datafield ind2="0" ind1="0" tag="245">
      <subfield code="a">General considerations about the need for pedagogy on death in formal education. A case study</subfield>
   </datafield>
</record></metadata></record></GetRecord></OAI-PMH>